|
|
|
|
| LEADER |
00000nab a2200000 a 4500 |
| 001 |
vtls000189564 |
| 003 |
SK-MaSNL |
| 005 |
20260302213042.0 |
| 008 |
220423c1984 xo 0 slo |
| 015 |
|
|
|a SNBRB19rr/mm-uuuuu
|
| 035 |
|
|
|a CL0199677
|
| 040 |
|
|
|a SNKBUCL
|b slo
|c SNKBUCL
|e AACR2
|
| 041 |
0 |
|
|a slo
|
| 044 |
|
|
|a xo
|c SK
|
| 080 |
|
|
|a 616.28-008.15
|2 1981
|
| 245 |
0 |
0 |
|a Desať rokov činnosti foniatrického pracoviska na otolaryngologickej klinike FN v Bratislave ; I. Krahulec, L. Ambrušová, I. Dresslerová, E. Hasáková, I. Rafajdusová, V. Striežová, Š. Šimko, O. Urbanová
|
| 300 |
|
|
|b Tb. 3.
|
| 650 |
0 |
7 |
|a foniatria
|2 snkbucl
|9 18437
|
| 650 |
0 |
7 |
|a Otolaryngologická klinika FN, Bratislava
|2 snkbucl
|9 938474
|
| 651 |
|
7 |
|a 5100
|2 snkbucl
|9 166206
|
| 655 |
|
7 |
|a články z novín a časopisov
|2 snkbucl
|9 267496
|
| 700 |
1 |
|
|a Krahulec, I.
|4 aut
|9 926754
|
| 700 |
1 |
|
|a Ambrušová, L.
|4 aut
|9 828041
|
| 700 |
1 |
|
|a Dresslerová, Iveta
|4 aut
|9 8022
|
| 700 |
1 |
|
|a Hasáková, E.
|4 aut
|9 938475
|
| 700 |
1 |
|
|a Rafajdusová, I.
|4 aut
|9 926756
|
| 700 |
1 |
|
|a Striežová, V.
|4 aut
|9 938476
|
| 700 |
1 |
|
|a Šimko, Š.
|4 aut
|9 7137
|
| 700 |
1 |
|
|a Urbanová, Oľga
|4 aut
|9 934486
|
| 773 |
0 |
|
|t Československá otolaryngologie
|g Roč. 33, č. 3 (1984), s. 195-199
|
| 850 |
|
|
|a Slovenská národná knižnica v Martine
|a MTA001
|
| 852 |
|
|
|a SNK
|b KIS3GCP
|
| 958 |
|
|
|a RK
|
| 958 |
|
|
|a ME
|
| 992 |
|
|
|a RBX
|
| 999 |
|
|
|c 1491978
|d 1493908
|